Datum a čas kvízu
41.5
Celkem bodů
Celkový počet nahraných bodů na tomto kvízu bez doplňovacích otázek.
1.
Pořadí na kvízu
Konečné umístění týmu na tomto kvízu.
Zaznamenané odpovědi
| # | Otázka | Odpověď | Body | Výsledky |
|---|---|---|---|---|
| 1. | Minulou neděli dopoledne dosed... | 1 | ||
| 2. | Na otevření nového obchodu s h... | 0 | ||
| 3. | Ve zlínském obchodním a zábavn... | 1 | ||
| 4. | Po deseti letech končí udílení... | 1 | ||
| 5. | Němečtí fotbalisté Mesut Özil... | 1 | ||
| 6. | Dědictví aneb Kurvahošigutntag... | 1 | ||
| 7. | V Brně na ulici Česká se natáč... | 1 | ||
| 8. | Kterou značku cigaret má Bohuš... | 1 | ||
| 9. | "Však je to sladké jak ___ ___... | 1 | ||
| 10. | Pták, kterého Bohuš koupil Ire... | 1 |